书目信息 |
| 题名: |
汽车使用与维修技术
|
|
| 作者: | 刁立福 主编 | |
| 分册: | ||
| 出版信息: | 北京 中国水利水电出版社 2016.4 |
|
| 页数: | 233页 | |
| 开本: | 24cm | |
| 丛书名: | ||
| 单 册: | ||
| 中图分类: | U471.2 , U472.4 | |
| 科图分类: | ||
| 主题词: | 汽车--维修--高等职业教育--教材 | |
| 电子资源: | ||
| ISBN: | 978-7-5170-4207-5 | |
| 000 | 01162nam0 2200277 450 | |
| 001 | 0400004340 | |
| 005 | 20171023175845.0 | |
| 010 | @a978-7-5170-4207-5@dCNY35.00 | |
| 100 | @a20160803d2016 em y0chiy50 ea | |
| 101 | 0 | @achi |
| 102 | @aCN@b110000 | |
| 105 | @aa z 000yy | |
| 106 | @ar | |
| 200 | 1 | @a汽车使用与维修技术@9qi che shi yong yu wei xiu ji shu@f刁立福主编 |
| 210 | @a北京@c中国水利水电出版社@d2016.4 | |
| 215 | @a233页@c图@d24cm | |
| 300 | @a高等职业教育“十三五”精品规划教材(汽车制造类专业群) | |
| 307 | @a实际页数为:234 | |
| 330 | @a本书内容包括汽车使用条件与性能指标、汽车运行材料与其使用、汽车在特定条件下的使用、汽车技术状况变化与等级评定、汽车使用寿命、汽车维修制度与维修规范、汽车发动机维修技术、汽车底盘维修技术等8个项目,31个任务。项目前设有项目导读,每个项目有若干个任务,项目后附有项目小结、项目训练。全书注重理论与实际相结合,每个任务设有任务描述、相关知识、任务实施。 | |
| 606 | 0 | @a汽车@x维修@x高等职业教育@j教材 |
| 610 | 0 | @a汽车@x使用@x高等职业教育@j教材 |
| 690 | @aU471.2@v5 | |
| 690 | @aU472.4@v5 | |
| 701 | 0 | @a刁立福@9diao li fu@4主编 |
| 801 | 0 | @aCN@b91MARC@c20171023 |
| 905 | @b1034551-5@dU471.2@f5@e592 | |
| 汽车使用与维修技术/刁立福主编.-北京:中国水利水电出版社,2016.4 |
| 233页:图;24cm |
| 高等职业教育“十三五”精品规划教材(汽车制造类专业群) |
| ISBN 978-7-5170-4207-5:CNY35.00 |
| 本书内容包括汽车使用条件与性能指标、汽车运行材料与其使用、汽车在特定条件下的使用、汽车技术状况变化与等级评定、汽车使用寿命、汽车维修制度与维修规范、汽车发动机维修技术、汽车底盘维修技术等8个项目,31个任务。项目前设有项目导读,每个项目有若干个任务,项目后附有项目小结、项目训练。全书注重理论与实际相结合,每个任务设有任务描述、相关知识、任务实施。 |
| ● |
| 相关链接 |
|
|
|
|
正题名:汽车使用与维修技术
索取号:U471.2/592
 
预约/预借
| 序号 | 登录号 | 条形码 | 馆藏地/架位号 | 状态 | 备注 |
| 1 | 1034551 | 210345517 | 第二样本阅览室/ [索取号:U471.2/592] | 在馆 | |
| 2 | 1034552 | 210345526 | 密集书库-物理学院/ [索取号:U471.2/592] | 在馆 | |
| 3 | 1034553 | 210345535 | 第三借阅区/ [索取号:U471.2/592] | 在馆 | |
| 4 | 1034554 | 210345544 | 第三借阅区/ [索取号:U471.2/592] | 在馆 | |
| 5 | 1034555 | 210345553 | 第三借阅区/ [索取号:U471.2/592] | 在馆 |